000
00307nam a22001337a 4500
008
170313b xxu||||| |||| 00| 0 eng d
020
_a
2900813813942
041
_a
eng
080
_a
591
100
_a
7
101
_a
SHM
245
_a
ANATOMY AND PHYSIOLOGY OF FARM ANIMALS
_c
FRANSON, R.D
942
_2
udc
_c
BK
999
_c
7683
_d
7683